| 000 | 00590nam a2200217Ia 4500 | ||
|---|---|---|---|
| 005 | 20250425160738.0 | ||
| 008 | 250425s9999 xx 000 0 und d | ||
| 020 | _a9684092466 | ||
| 041 | _aspa | ||
| 082 | _a306.3 | ||
| 100 | _aDAVIS, GREGORY H | ||
| 245 | 0 | _aTECNOLOGIA ¿ESCLAVITUD O LIBERACION? ANALISIS CRITICO DE LAS BASES FILOSOFICAS DE LA TECNOLOGIA MODERNA | |
| 250 | _a1A ED. | ||
| 260 | _aMEXICO | ||
| 260 |
_aMéxico _bEDAMEX _c1984 |
||
| 300 | _a264 | ||
| 500 | _aD-15842 S/.800 Dr. Riofrio Bibl 95.07.26 | ||
| 650 | _aESCLAVITUD | ||
| 942 | _c01 | ||
| 010 | _a4241 | ||
| 999 |
_c195314 _d195314 |
||